Периодическая Таблица: Нажмите на Символы - Statistics

General Stats
  • This quiz has been taken 545 times
  • The average score is 67 of 118
Answer Stats
Hint Answer % Correct
Фтор F
72%
Водород H
71%
Иод I
71%
Америций AM
70%
Бор B
70%
Бериллий BE
70%
Германий GE
70%
Калий K
70%
Магний MG
70%
Никель NI
70%
Кальций CA
69%
Медь CU
69%
Натрий NA
69%
Кислород O
68%
Актиний AC
67%
Алюминий AL
67%
Барий BA
67%
Хлор CL
67%
Литий LI
67%
Азот N
67%
Титан TI
67%
Золото AU
66%
Бром BR
66%
Кобальт CO
66%
Галлий GA
66%
Индий IN
66%
Лантан LA
66%
Франций FR
65%
Лютеций LU
65%
Неон NE
65%
Радий RA
65%
Сера S
65%
Уран U
65%
Углерод C
64%
Европий EU
64%
Железо FE
63%
Фосфор P
63%
Вольфрам W
63%
Серебро AG
62%
Флеровий FL
62%
Гелий HE
62%
Иридий IR
62%
Оганесон OG
62%
Осмий OS
62%
Полоний PO
62%
Рутений RU
62%
Селен SE
62%
Ванадий V
62%
Цинк ZN
62%
Тантал TA
61%
Хром CR
60%
Дубний DB
60%
Аргон AR
59%
Нихоний NH
59%
Самарий SM
59%
Ксенон XE
58%
Лоуренсий LR
57%
Марганец MN
57%
Рений RE
57%
Скандий SC
57%
Кадмий CD
56%
Эйнштейний ES
56%
Молибден MO
56%
Свинец PB
56%
Торий TH
56%
Хассий HS
55%
Нобелий NO
55%
Берклий BK
54%
Церий CE
54%
Дармштадтий DS
54%
Эрбий ER
54%
Гадолиний GD
54%
Криптон KR
54%
Ниобий NB
54%
Кремний SI
54%
Ртуть HG
53%
Гольмий HO
53%
Теллур TE
53%
Ливерморий LV
52%
Московий MC
52%
Менделевий MD
52%
Мейтнерий MT
52%
Нептуний NP
52%
Рубидий RB
52%
Стронций SR
52%
Платина PT
51%
Рентгений RG
51%
Мышьяк AS
50%
Неодим ND
50%
Празеодим PR
50%
Борий BH
49%
Резерфордий RF
49%
Тербий TB
49%
Астат AT
48%
Висмут BI
48%
Диспрозий DY
48%
Плутоний PU
48%
Родий RH
48%
Таллий TL
48%
Калифорний CF
46%
Цезий CS
46%
Цирконий ZR
46%
Фермий FM
45%
Гафний HF
45%
Теннессин TS
44%
Палладий PD
43%
Прометий PM
43%
Радон RN
43%
Технеций TC
43%
Иттрий Y
43%
Протактиний PA
41%
Сиборгий SG
40%
Олово SN
40%
Иттербий YB
39%
Кюрий CM
38%
Сурьма SB
37%
Коперниций CN
36%
Тулий TM
36%
No matching quizzes found
Score Distribution
Percent of People with Each Score
Percentile by Number Answered
Your Score History
You have not taken this quiz